000 00281nam a22001337a 4500
003 SGT
082 _a615
_bCHA
100 _aCHAUDHARY, VR. TARUN
245 _aPHARMACEUTICS -I
260 _aINDIA
_bIP PUB.
_c2024
300 _a198
650 _aPHARMACEUTICS
942 _2ddc
_cBK
999 _c32491
_d32491